000 00257nam a22001217a 4500
008 170308b xxu||||| |||| 00| 0 eng d
041 _aeng
080 _a611
100 _a6
101 _ashm
245 _aATLAS ANATOMY QELOVIKA
_cTOMAX.B
942 _2udc
_cBK
999 _c7259
_d7259